000849641 001__ 849641 000849641 005__ 20260304090713.0 000849641 037__ $$aRWTH-2022-06934 000849641 041__ $$aEnglish 000849641 1001_ $$0P:(DE-82)IDM04678$$aVölker, Simon$$b0$$urwth 000849641 1112_ $$a19. International Conference on Carbon Dioxide Utilization$$cPrinceton$$d2022-06-26 - 2022-06-30$$gICCDU 2022$$wUSA 000849641 245__ $$aEnvironmental potential of CO2-based polyoxymethylene ethers as diesel blends 000849641 260__ $$c2022 000849641 3367_ $$033$$2EndNote$$aConference Paper 000849641 3367_ $$2DataCite$$aOther 000849641 3367_ $$2BibTeX$$aINPROCEEDINGS 000849641 3367_ $$2DRIVER$$aconferenceObject 000849641 3367_ $$2ORCID$$aLECTURE_SPEECH 000849641 3367_ $$0PUB:(DE-HGF)6$$2PUB:(DE-HGF)$$aConference Presentation$$bconf$$mconf$$s1657637967_25681 000849641 536__ $$0G:(GEPRIS)390919832$$aEXC 2186 - "Das Fuel Science Center" - Adaptive Umwandlungssysteme für erneuerbare Energie- und Kohlenstoffquellen (DFGEXC2186-FSC)$$cDFGEXC2186-FSC$$x0 000849641 7001_ $$0P:(DE-82)IDM03090$$aDeutz, Sarah$$b1$$urwth 000849641 7001_ $$0P:(DE-82)IDM02239$$aBurre, Jannik$$b2$$urwth 000849641 7001_ $$0P:(DE-82)IDM01091$$aBongartz, Dominik$$b3$$urwth 000849641 7001_ $$0P:(DE-HGF)0$$aOmari, Ahmad$$b4 000849641 7001_ $$0P:(DE-82)IDM02751$$aLehrheuer, Bastian$$b5$$urwth 000849641 7001_ $$0P:(DE-82)IDM00263$$aPischinger, Stefan$$b6$$urwth 000849641 7001_ $$0P:(DE-82)IDM00369$$aMitsos, Alexander$$b7$$urwth 000849641 7001_ $$0P:(DE-82)IDM00283$$aBardow, André$$b8$$urwth 000849641 7001_ $$0P:(DE-82)IDM03948$$avon der Aßen, Niklas Vincenz$$b9$$urwth 000849641 8564_ $$uhttps://iccdu2022.princeton.edu/ 000849641 9101_ $$0I:(DE-588b)36225-6$$6P:(DE-82)IDM04678$$aRWTH Aachen$$b0$$kRWTH 000849641 9101_ $$0I:(DE-588b)36225-6$$6P:(DE-82)IDM03090$$aRWTH Aachen$$b1$$kRWTH 000849641 9101_ $$0I:(DE-588b)36225-6$$6P:(DE-82)IDM02239$$aRWTH Aachen$$b2$$kRWTH 000849641 9101_ $$0I:(DE-588b)36225-6$$6P:(DE-82)IDM01091$$aRWTH Aachen$$b3$$kRWTH 000849641 9101_ $$0I:(DE-588b)36225-6$$6P:(DE-82)IDM02751$$aRWTH Aachen$$b5$$kRWTH 000849641 9101_ $$0I:(DE-588b)36225-6$$6P:(DE-82)IDM00263$$aRWTH Aachen$$b6$$kRWTH 000849641 9101_ $$0I:(DE-588b)36225-6$$6P:(DE-82)IDM00369$$aRWTH Aachen$$b7$$kRWTH 000849641 9101_ $$0I:(DE-588b)36225-6$$6P:(DE-82)IDM00283$$aRWTH Aachen$$b8$$kRWTH 000849641 9101_ $$0I:(DE-588b)36225-6$$6P:(DE-82)IDM03948$$aRWTH Aachen$$b9$$kRWTH 000849641 961__ $$c2022-07-12T17:14:05.611323$$x2022-07-12T17:14:05.611323$$z2022-07-12 000849641 9801_ $$aPublicReference 000849641 980__ $$aconf 000849641 980__ $$aUNRESTRICTED 000849641 980__ $$aI:(DE-82)412110_20140620 000849641 980__ $$aI:(DE-82)416710_20140620 000849641 980__ $$aI:(DE-82)412310_20140620 000849641 980__ $$aUSER